| 000 | 00000nam 2200000zi 4500 |
| 001 | 9.947333 |
| 003 | CaOODSP |
| 005 | 20250403102726 |
| 006 | m o d f |
| 007 | cr cn||||||||| |
| 008 | 250123t20252025oncd obs f000 0 fre d |
| 040 | |aCaOODSP|bfre|erda|cCaOODSP |
| 043 | |an-cn--- |
| 086 | 1 |aCS36-28-0001/2025-1-4F-PDF |
| 100 | 1 |aMorissette, ReneĢ., |eauteur. |
| 245 | 14|aLes femmes qui travaillent dans les résidences pour personnes âgées : |bblessures et maladies liées au travail et taux de maintien en poste avant la pandémie de COVID-19 / |cpar René Morissette et Hanqing Qiu. |
| 264 | 1|a[Ottawa] : |bStatistique Canada = Statistics Canada, |cle 22 janvier 2025. |
| 264 | 4|c©2025 |
| 300 | |a1 ressource en ligne (33 pages) : |bgraphiques. |
| 336 | |atexte|btxt|2rdacontent/fre |
| 337 | |ainformatique|bc|2rdamedia/fre |
| 338 | |aressource en ligne|bcr|2rdacarrier/fre |
| 490 | 1 |aRapports économiques et sociaux, |x2563-8963 ; |vvol. 5, n° 1, janvier 2025 |
| 500 | |aTitre de la couverture. |
| 500 | |aEn tête du titre : Article de recherche. |
| 500 | |aPublié aussi en anglais sous le titre : Women who work in seniors’ homes: work-related injuries and illnesses and retention rates before the COVID-19 pandemic. |
| 504 | |aComprend des références bibliographiques (pages 31-33). |
| 520 | 3 |a« L’étude montre que jusqu’à 14 % des femmes ayant travaillé dans les résidences pour personnes âgées en 2016 ont quitté le secteur des soins de santé et de l’assistance sociale cette année-là, tandis que jusqu’à 21 % ont quitté le sous-secteur des établissements de soins infirmiers et de soins pour bénéficiaires internes. Le taux de départ des femmes dans les résidences pour personnes âgées en 2016 est supérieur au taux de 12% observé pour l’ensemble des industries. Les femmes qui gagnaient un salaire relativement bas, qui n’étaient pas syndiquées ou qui avaient moins d’ancienneté étaient généralement plus susceptibles que les autres de quitter leur emploi. Toutes choses étant égales parailleurs, les femmes immigrantes étaient moins susceptibles de quitter leur emploi que les femmes nées au Canada » -- Résumé, page 1. |
| 650 | 6|aAidantes naturelles|zCanada|vStatistiques. |
| 650 | 6|aTravail|xAccidents|zCanada|vStatistiques. |
| 650 | 6|aPersonnel|xRétention|zCanada|vStatistiques. |
| 655 | 7|aStatistiques|2rvmgf |
| 710 | 2 |aStatistique Canada, |eorganisme de publication. |
| 775 | 08|tWomen who work in seniors’ homes : |w(CaOODSP)9.947326 |
| 830 | #0|aRapports économiques et sociaux (Statistique Canada)|vvol. 5, n° 1, janvier 2025.|w(CaOODSP)9.895770 |
| 856 | 40|qPDF|s876 Ko|uhttps://publications.gc.ca/collections/collection_2025/statcan/36-28-0001/CS36-28-0001-2025-1-4-fra.pdf |
| 856 | 4 |qHTML|sS.O.|uhttps://www150.statcan.gc.ca/n1/pub/36-28-0001/2025001/article/00004-fra.htm |
| 986 | |a36-28-0001 |